000 nam a22 a 4500
999 _c104544
_d104544
003 BLK
005 20220823130838.0
008 180409b bul|||||r ||||||| ||bul||
010 _aKNG00109650000
040 _aBLK
041 _aBUL
_cBUL
080 _aБиологични науки
_b57
_x(075.8)
_z57(075.8)
100 1 _aБошнякова, Пенка Илиева
_eпърви автор
_942343
139 _aБошнякова, Пенка Илиева
_bУ 91
245 1 0 _aУчебник по биология
_bЗа чуждестранни студенти
_cПенка Илиева Бошнякова; * Нели Ангелова Гачева; * Цветанка Славчева Дракалийска; * Пенка Ганчева Йотова; * Недялка Димитрова Такева.
250 _a2. изд.
257 _aBGR
260 _bНаука и изкуство
_c1974
_fВарна : печ. Ст. Добрев Странджата
_aСофия
300 _a508 с.
_bс ил.
_c23 см
380 _a5
500 _aДруги авт. : Нели Гачева, Цветанка Дракалийска, Пенка Йотова, Недялка Такева. - 2 573 тир.
650 4 _aБиология - учебници за ВУЗ
_9246532
653 _aбиология
653 _aучебници за ВУЗ
653 _aботаника
653 _aзоология
653 _aанатомия
653 _aфизиология
700 1 _aГачева, Нели Ангелова
_e*
_9309948
700 1 _aДракалийска, Цветанка Славчева
_e*
_965279
700 1 _aЙотова, Пенка Ганчева
_e*
_9309949
700 1 _aТакева, Недялка Димитрова
_e*
_9309950
852 _aЦб 72510
_bЦб
856 4 _qpdf
856 4 _qpdf
942 _cKNG
_n0
_01
_s1
944 _aCR
_c12.12.2003
_kЛюдмила_Стоянова
944 _aED
_c13.02.2004
944 _aED
_c2022-08-23
999 _d104544